00504nam a2200181Ia 4500999001700000003000400017005001700021008004100038020001500079040000900094082002200103100003500125245005600160260003300216300000900249650001400258942005000272 c28018d28018OSt20201230094721.0190216s9999||||xx |||||||||||||| ||und|| a8126401052 coclc a894.812301bMAR/A aMarquez, Gabriel Garcia95316 0aAparichita Theerthatakar /cGabriel Garcia Marquez bDc Books,a Kottayam:c1992. a195p aMalayalam cBK2ddch894.812301iMAR/Ak894.812301mMAR/A